00468nam a22001697a 450000500170000000800410001702000150005802200150007304100120008808200120010010000120011224500430012425000190016726000560018630000310024265000250027320240924100340.0240924b |||||||| |||| 00| 0 eng d a0409004588 a0409004480 aEnglish a349 JOU lEnglish aThe Law of South Africa /cWA Joubert  aFirst Reissue  aDurban: bButterworth Publishers (Pty) Ltd, c1996  bviii, 557 pages; c26 cm.  aLegal practice bLaw